000 00905nas a2200313 4500
001 BR0604541
003 BR-BrBNA
005 20231205110428.0
007 ta
008 230509b bl.|||p| |||| 00| 00por d
040 _aBR-BrBNA
_bpor
_cBiblioteca Nacional de Agricultura
041 _a(Pt)
072 _aL74
100 1 _aColodel, E.M.
100 1 _aSeitz, A.L.
100 1 _aSchmitz, M.
100 1 _aBorba, M.R.
100 1 _aRaymundo, D.L.
100 1 _aDriemeier, D.
245 1 _aIntoxicação por Erythroxylum deciduum (Erythroxylaceae)em ovinos
650 _aOVINO
650 _aERYTHOXYLACEAE
650 _aINTOXICAÇÃO
650 _aPLANTA TÓXICA
650 _aRIO GRANDE DO SUL
773 0 _tPesquisa Veterinária Brasileira (Brazil)
_xISSN 0100-736X
_g(Jul-Sep 2004), v. 24(3) p. 165-168
_wBR0604541
909 _a202311
_bLúcia
_c55
_dLúcia Elande
942 _2AGRIS
_n0
_cANA
999 _c187357
_d187357